Albumy zespołu ABBA - Statystyki

Ogólne statystyki
  • Ten quiz został rozwiązany 21 razy
  • Średni wynik to 6 z 9
Statystyki odpowiedzi
Rok wydania Album % Poprawnych
1979 Voulez-Vous
80%
1974 Waterloo
80%
1975 ABBA
73%
2021 Voyage
67%
1976 Arrival
60%
1980 Super Trouper
60%
1973 Ring Ring
53%
1977 The Album
53%
1981 The Visitors
53%
Nie znaleziono quizów pasujących do podanych kryteriów
Rozkład punktacji
Procent ludzi z każdym wynikiem
Percentyl według liczby udzielonych odpowiedzi
Twoja historia wyników
Nie rozwiązałeś tego quizu